000 00255nam a2200097Ia 4500
001 1169619
005 20250827011901.0
008 250824s9999 xx 000 0 und d
245 0 _aÖLÜMDEN BETER - LA VIE
_cÇAĞATAY KÜPÇÜ
260 _bDESTEK YAYINLARI
999 _c1169619
_d1169619